[Event "Rethel/ Chaumont"]
[Site "?"]
[Date "2012.01.15"]
[Round "4"]
[White "Vedovotto, Nicolas"]
[Black "Picard, Serge"]
[Result "1/2-1/2"]
[WhiteElo "2086"]
[BlackElo "2094"]
[PlyCount "38"]
[EventDate "2012.01.15"]
[SourceDate "2012.01.15"]

1. e4 e5 2. Nc3 Bc5 3. Bc4 Nf6 4. d3 Nc6 5. f4 d6 6. Nf3 Nd4 7. Na4 Bg4 8. Nxc5
dxc5 9. Bxf7+ Kxf7 10. Nxe5+ Kf8 11. Nxg4 Nxg4 12. c3 Qh4+ 13. g3 Qh3 14. cxd4
Qg2 15. Qxg4 Qxh1+ 16. Kf2 Qxh2+ 17. Kf1 Qh1+ 18. Kf2 Qh2+ 19. Kf1 Qh1+ 1/2-1/2

[Event "Rethel/ Chaumont"]
[Site "?"]
[Date "2012.01.15"]
[Round "4"]
[White "Da Costa, manuel"]
[Black "Noizet, Donatien"]
[Result "1/2-1/2"]
[WhiteElo "1895"]
[BlackElo "1938"]
[PlyCount "83"]
[EventDate "2012.01.15"]
[SourceDate "2012.01.15"]

1. b3 d5 2. Nf3 Nf6 3. Bb2 Bf5 4. e3 Nbd7 5. Be2 e6 6. O-O Bd6 7. c4 c6 8. d4
b6 9. Nbd2 Qc7 10. Rc1 Ne4 11. cxd5 exd5 12. h3 a6 13. Nxe4 Bxe4 14. Bd3 Nf6
15. Ne5 c5 16. f3 Bg6 17. Qe2 Bxe5 18. dxe5 Nh5 19. Rfd1 Ng3 20. Qf2 Nf5 21. g4
Ne7 22. f4 Bxd3 23. Rxd3 Rd8 24. Qf3 b5 25. Ba3 b4 26. Bb2 O-O 27. f5 c4 28. f6
gxf6 29. exf6 Ng6 30. Bd4 Ne5 31. Qf5 (31. Qf4 $3 {menace Dh6}) 31... Ng6 32.
Qf2 Kh8 33. Rdd1 Rg8 34. Rf1 Ne5 35. Qf4 Rde8 36. Bxe5 Qxe5 37. Qxe5 Rxe5 38.
bxc4 Rxe3 39. Kg2 d4 40. Rcd1 d3 41. Rf5 Rd8 42. Rd5 1/2-1/2

[Event "Rethel/ Chaumont"]
[Site "?"]
[Date "2012.01.15"]
[Round "4"]
[White "Sohier, Renaud"]
[Black "Masera, Michel"]
[Result "1-0"]
[WhiteElo "2004"]
[BlackElo "1856"]
[PlyCount "57"]
[EventDate "2012.01.15"]
[SourceDate "2012.01.15"]

1. d4 Nf6 2. c4 c5 3. d5 g6 4. Nc3 Bg7 5. e4 d6 6. Bd3 O-O 7. f4 e6 8. Nf3 exd5
9. cxd5 b5 10. e5 dxe5 11. fxe5 Ng4 12. Bf4 Nxe5 13. Bxb5 Nxf3+ 14. Qxf3 Qa5
15. Bd2 Bxc3 16. Bxc3 Qxb5 17. Qf6 Re8+ 18. Be5 Rxe5+ 19. Qxe5 Bg4 20. h3 Na6
21. a4 Qb4+ 22. Kf2 Bd7 23. Qf6 Qd2+ 24. Kg3 Qe3+ (24... Rb8 $3 25. Qxa6 Rb3+
26. Kh2 (26. Kh4 Qh6#) 26... Rxh3+) 25. Kh2 Nb4 26. Rhf1 Bf5 27. Rad1 Re8 28.
d6 Be6 (28... Re6 $3 {=}) 29. d7 1-0

[Event "Rethel/ Chaumont"]
[Site "?"]
[Date "2012.01.15"]
[Round "4"]
[White "Kerlau, Gildas"]
[Black "Lhoest, Alain"]
[Result "1-0"]
[WhiteElo "1772"]
[BlackElo "1716"]
[PlyCount "81"]
[EventDate "2012.01.15"]
[SourceDate "2012.01.15"]

1. d4 Nf6 2. c4 e6 3. Nc3 Bb4 4. Qc2 d5 5. e3 O-O 6. Nf3 Nbd7 7. Bd3 dxc4 8.
Bxc4 Nb6 9. Bd3 Bxc3+ 10. bxc3 Nbd5 11. e4 Ne7 12. e5 Nfd5 13. Bxh7+ Kh8 14.
Be4 f5 15. exf6 Nxf6 16. O-O Kg8 17. Ba3 Nxe4 18. Qxe4 Rf6 19. c4 c6 20. Bxe7
Qxe7 21. Ne5 Bd7 22. f4 Raf8 23. Ng6 Qf7 24. Nxf8 Qxf8 25. Rf3 Be8 26. h3 Bg6
27. Qe3 Qd6 28. g4 b6 29. Re1 Kf7 30. Qe5 Qd7 31. Rfe3 Bh7 32. Kh2 Kf8 33. Kg3
Kf7 34. g5 Rf5 35. Qxe6+ Qxe6 36. Rxe6 Ra5 37. Re7+ Kg6 38. Kg4 Bg8 39. h4 Rxa2
40. h5+ Kh7 41. h6 1-0

[Event "Rethel/ Chaumont"]
[Site "?"]
[Date "2012.01.15"]
[Round "4"]
[White "Biniaux, Mickael"]
[Black "Parisot, Anthony"]
[Result "0-1"]
[WhiteElo "1735"]
[BlackElo "1679"]
[PlyCount "62"]
[EventDate "2012.01.15"]
[SourceDate "2012.01.15"]

1. d4 d5 2. e3 Nf6 3. Bd3 c5 4. c3 Nc6 5. dxc5 a5 6. Qa4 Bd7 7. Qh4 e5 8. Nd2
Bxc5 9. Ne2 Be7 10. O-O O-O 11. f3 Qb6 12. Qf2 Rfd8 13. Kh1 Be6 14. Bc2 Rac8
15. Rb1 d4 16. exd4 exd4 17. Nf4 Bxa2 18. Ra1 Bd5 19. Ne4 Bxe4 20. fxe4 Qc5 21.
Nd3 Qd6 22. Bf4 Nxe4 23. Qf3 Qd5 24. Nb4 axb4 25. Bxe4 Qb3 26. Qg3 bxc3 27. Bh6
g6 28. h4 Bf8 29. Bg5 Re8 30. Qf4 Bg7 31. Bf6 Bxf6 0-1

[Event "Rethel/ Chaumont"]
[Site "?"]
[Date "2012.01.15"]
[Round "4"]
[White "Voguet, francois"]
[Black "Noizet, regis"]
[Result "1-0"]
[WhiteElo "1735"]
[BlackElo "1627"]
[PlyCount "61"]
[EventDate "2012.01.15"]
[SourceDate "2012.01.15"]

1. e4 d6 2. d4 Nf6 3. Nc3 c6 4. f4 e6 5. Nf3 Be7 6. Bd3 Qa5 7. Bd2 Qc7 8. O-O
h5 9. e5 Nd5 10. Ne4 Nd7 11. c4 N5b6 12. b4 (12. exd6 Bxd6 13. c5) 12... Nxc4
13. Bxc4 d5 14. Nd6+ Bxd6 15. exd6 Qxd6 16. Bb3 Nf6 17. Ne5 Ne4 18. a4 Bd7 19.
Rc1 f5 20. Qe2 h4 21. Be1 Rh6 22. Bc2 Qe7 23. Bxe4 dxe4 24. b5 Qa3 25. bxc6
bxc6 26. Qc4 Rc8 27. Bb4 Qxa4 28. Qc5 Kd8 29. Qe7+ Kc7 30. Qxd7+ Kb8 31. Bd6+
1-0

[Event "Rethel/ Chaumont"]
[Site "?"]
[Date "2012.01.15"]
[Round "4"]
[White "Mouriot, Didier"]
[Black "Beltrame, Aniko"]
[Result "1-0"]
[WhiteElo "1450"]
[BlackElo "1499"]
[PlyCount "55"]
[EventDate "2012.01.15"]
[SourceDate "2012.01.15"]

1. d4 d5 2. c4 Nc6 3. Nf3 dxc4 4. e4 Nb4 5. Qa4+ c6 6. Qxb4 Bg4 7. Qxc4 Nf6 8.
Nbd2 e6 9. Be2 Nd7 10. O-O Nb6 11. Qd3 Na4 12. Nb3 Nc5 13. Nxc5 Bd6 14. Nxb7
Qd7 15. Nxd6+ Qxd6 16. Re1 O-O 17. Ne5 a6 18. Nxg4 Rab8 19. Qc3 Rb5 20. Bxb5
axb5 21. Ne5 f6 22. Nf3 b4 23. Qc4 Qc7 24. Qxe6+ Kh8 25. Qg4 Rg8 26. Qh3 Qa5
27. Nh4 b3 28. Ng6# 1-0

[Event "Echiquier Aubois 2 / Echiquier Aubois 1"]
[Site "?"]
[Date "2012.01.15"]
[Round "4"]
[White "Moine, Patrick"]
[Black "Guerin, Patrick"]
[Result "1/2-1/2"]
[WhiteElo "1862"]
[BlackElo "1680"]
[PlyCount "35"]
[EventDate "2009.11.22"]
[SourceDate "2012.01.15"]

1. d4 Nf6 2. c4 c5 3. d5 b5 4. e3 b4 5. b3 d6 6. Bb2 Bf5 7. Bd3 Bxd3 8. Qxd3 g6
9. Nf3 Bg7 10. Nbd2 O-O 11. O-O Nbd7 12. Rab1 a5 13. Rfe1 Qc7 14. e4 h6 15. h3
Kh7 16. Kh1 Kg8 17. Kg1 Kh7 18. Kh1 1/2-1/2

[Event "Echiquier Aubois 2 / Echiquier Aubois 1"]
[Site "?"]
[Date "2012.01.15"]
[Round "4"]
[White "Ferrand, Christophe"]
[Black "Kreilos, Jeremie"]
[Result "1-0"]
[WhiteElo "1870"]
[BlackElo "1440"]
[PlyCount "73"]
[EventDate "2009.11.22"]
[SourceDate "2012.01.15"]

1. e4 e5 2. Nf3 Nc6 3. d4 exd4 4. Nxd4 Nxd4 5. Qxd4 Bd6 6. Qxg7 Qf6 7. Qg4 Bb4+
8. c3 Bc5 9. Qe2 Ne7 10. Nd2 d6 11. Nf3 Nc6 12. Bg5 Qg7 13. O-O-O Bg4 14. Be3
Bxe3+ 15. Qxe3 O-O-O 16. h3 Bh5 17. g4 Bg6 18. Nd2 Rhe8 19. f4 f5 20. Bd3 fxe4
21. Bb5 Kb8 22. f5 Bf7 23. Kb1 Re5 24. Bxc6 bxc6 25. Qd4 c5 26. Qa4 Bd5 27. Nc4
Bxc4 28. Qxc4 Ka8 29. Rhe1 Qe7 30. Qb5 Rb8 31. Qc6+ Rb7 32. Rf1 Qf7 33. Rde1
Qc4 34. Qd7 Qxc3 35. Qc8+ Rb8 36. Qxb8+ Kxb8 37. bxc3 1-0

[Event "Echiquier Aubois 2 / Echiquier Aubois 1"]
[Site "?"]
[Date "2012.01.15"]
[Round "4"]
[White "Guerin, Antonin"]
[Black "Hascher, Nicolas"]
[Result "1/2-1/2"]
[WhiteElo "1740"]
[BlackElo "1948"]
[PlyCount "30"]
[EventDate "2009.11.22"]
[SourceDate "2012.01.15"]

1. d4 Nf6 2. Nf3 g6 3. c4 Bg7 4. Nc3 O-O 5. e4 d6 6. Be2 Nbd7 7. O-O c6 8. Be3
Ng4 9. Bd2 Ngf6 10. Be3 Ng4 11. Bd2 e5 12. h3 Ngf6 13. Be3 Re8 14. Rc1 Qc7 15.
a3 a6 1/2-1/2

[Event "Echiquier Aubois 2 / Echiquier Aubois 1"]
[Site "?"]
[Date "2012.01.15"]
[Round "4"]
[White "Catherine, Bertrand"]
[Black "Fournier, Manuel"]
[Result "1/2-1/2"]
[WhiteElo "1852"]
[BlackElo "1875"]
[PlyCount "32"]
[EventDate "2009.11.22"]
[SourceDate "2012.01.15"]

1. d4 Nf6 2. Nf3 d5 3. c4 c6 4. Nc3 dxc4 5. e4 b5 6. e5 Nd5 7. a4 Nxc3 8. bxc3
Bg4 9. Ba3 Qd5 10. Be2 Nd7 11. O-O e6 12. Qd2 Bxa3 13. Rxa3 O-O 14. Qf4 Bh5 15.
Qh4 Bg6 16. Rfa1 b4 1/2-1/2

[Event "Echiquier Aubois 2 / Echiquier Aubois 1"]
[Site "?"]
[Date "2012.01.15"]
[Round "4"]
[White "Deleau, Guy"]
[Black "Roussel, Jean-Marc"]
[Result "0-1"]
[WhiteElo "1260"]
[BlackElo "1612"]
[PlyCount "80"]
[EventDate "2009.11.22"]
[SourceDate "2012.01.15"]

1. d4 d5 2. e3 c6 3. Bd3 Nd7 4. Nf3 Qc7 5. e4 dxe4 6. Bxe4 Ngf6 7. Qe2 Nxe4 8.
Qxe4 Nf6 9. Qf4 Qxf4 10. Bxf4 Nd5 11. Bd2 Bf5 12. c4 Nb6 13. b3 e6 14. c5 Nd5
15. Ne5 f6 16. Nf3 O-O-O 17. Nc3 Nb4 18. O-O Nc2 19. Rac1 Nxd4 20. Nxd4 Rxd4
21. Be3 Rd8 22. Rfd1 Be7 23. f3 e5 24. g4 Bg6 25. Re1 Rd7 26. b4 Bf7 27. b5 Bc4
28. a4 a6 29. b6 Bd5 30. f4 exf4 31. Bxf4 Bxc5+ 32. Kf1 Bxb6 33. Ra1 Bc4+ 34.
Kg2 Rhd8 35. a5 Bc7 36. Re4 Bxf4 37. Rxf4 Rd2+ 38. Kh3 R8d3+ 39. Kh4 g5+ 40.
Kh5 Rh3# 0-1

[Event "Bogny/ Epernay"]
[Site "?"]
[Date "2012.01.15"]
[Round "4"]
[White "Guyon, Cyndie"]
[Black "Defrance, Laurent"]
[Result "0-1"]
[WhiteElo "1916"]
[BlackElo "2121"]
[PlyCount "90"]
[EventDate "2012.01.15"]
[SourceDate "2012.01.17"]

1. d4 g6 2. c4 Bg7 3. Nc3 d6 4. e4 Nd7 5. Be3 e6 6. Nge2 Ne7 7. f3 h6 8. Qd2 b6
9. Rd1 Bb7 10. Ng3 Kf8 11. Be2 Kg8 12. h4 h5 13. Kf2 Kh7 14. Rdg1 Nc6 15. Nf1
Kg8 16. Ke1 Bf6 17. g3 a6 18. a3 e5 19. d5 Nd4 20. Bg5 Kg7 21. Bd1 Bxg5 22.
hxg5 b5 23. Ne3 f6 24. Nc2 Nxc2+ 25. Qxc2 bxc4 26. gxf6+ Qxf6 27. Qe2 Nb6 28.
Na4 Rac8 29. Qe3 Nxa4 30. Bxa4 Rb8 31. Rh2 Bc8 32. Bd1 Rb6 33. Rc2 c5 34. Qd2
Bd7 35. Rxc4 Rhb8 36. b4 cxb4 37. Rxb4 Rxb4 38. axb4 Qd8 39. Be2 Qb6 40. Rf1
Bb5 41. Qa2 Qd4 42. Qa3 Bxe2 43. Kxe2 Rxb4 44. Qc1 Rb2+ 45. Ke1 Qb4+ 0-1

[Event "Bogny/ Epernay"]
[Site "?"]
[Date "2012.01.15"]
[Round "4"]
[White "Puech, Armel"]
[Black "Leghbali, Sophiane"]
[Result "1-0"]
[WhiteElo "1810"]
[BlackElo "1901"]
[PlyCount "81"]
[EventDate "2012.01.15"]
[SourceDate "2012.01.17"]

1. e4 e6 2. d4 d5 3. e5 c5 4. c3 Nc6 5. Nf3 Bd7 6. Be2 Nge7 7. O-O Nf5 8. b3
cxd4 9. cxd4 Be7 10. Na3 O-O 11. Nc2 Qb6 12. Bd3 Rac8 13. g4 Nh4 14. Nxh4 Bxh4
15. g5 Ne7 16. Ba3 Bxg5 17. Qh5 h6 18. h4 g6 19. Qg4 Rfe8 20. hxg5 h5 21. Qf4
Nf5 22. Bb2 Bb5 23. Bxb5 Qxb5 24. Rac1 Qe2 25. Rfe1 Qd3 26. Ne3 Qd2 27. Nxd5
Qxb2 28. Nf6+ Kf8 29. Nxe8 Rxe8 30. Rc7 Qxa2 31. Rxb7 a5 32. Rc1 Qe2 33. Rcc7
Qd3 34. Rxf7+ Kg8 35. Rg7+ Kh8 36. Rxg6 Qb1+ 37. Kh2 a4 38. Rh6+ Kg8 39. g6 Rf8
40. g7 Rf7 41. Rb8+ 1-0

[Event "Bogny/ Epernay"]
[Site "?"]
[Date "2012.01.15"]
[Round "4"]
[White "Alcidi, Valentin"]
[Black "Tatard, Marie"]
[Result "1/2-1/2"]
[WhiteElo "1812"]
[BlackElo "1871"]
[PlyCount "81"]
[EventDate "2012.01.15"]
[SourceDate "2012.01.17"]

1. d4 Nf6 2. Bg5 e6 3. e3 h6 4. Bh4 d5 5. Nd2 Be7 6. Bd3 Nbd7 7. f4 c5 8. c3
cxd4 9. cxd4 Nf8 10. Ngf3 Ng4 11. Bxe7 Qxe7 12. Qe2 Qb4 13. Rb1 Bd7 14. O-O Bc6
15. a3 Qb6 16. h3 Nf6 17. b4 Ne4 18. Bxe4 dxe4 19. Ne5 Bb5 20. Nec4 Bxc4 21.
Qxc4 f5 22. a4 Nd7 23. a5 Qd6 24. Nb3 Kf7 25. Nc5 Rab8 26. Rfc1 Nf6 27. Qe2 Nd5
28. b5 b6 29. axb6 axb6 30. Na6 Rbc8 31. Qd2 Qa3 32. Kf2 Rc3 33. Rxc3 Nxc3 34.
Rb4 Nxb5 35. Rxb5 Qxa6 36. Qb2 Rb8 37. Qb3 Kf6 38. Qb2 Ke7 39. d5 Ke8 40. dxe6
Rb7 41. Rxf5 1/2-1/2

[Event "Bogny/ Epernay"]
[Site "?"]
[Date "2012.01.15"]
[Round "4"]
[White "Crepaux, Jean-Marie"]
[Black "Flamant, Jacky"]
[Result "0-1"]
[WhiteElo "1860"]
[BlackElo "1756"]
[PlyCount "58"]
[EventDate "2012.01.15"]
[SourceDate "2012.01.17"]

1. e4 e6 2. d4 d5 3. Nc3 Bb4 4. e5 c5 5. Bd2 a6 6. dxc5 Bxc5 7. Qg4 Ne7 8. Qxg7
Rg8 9. Qxh7 Bd7 10. Nh3 Qc7 11. f4 Nbc6 12. O-O-O O-O-O 13. Ng5 Nd4 14. Nxf7
Rdf8 15. Ng5 Nef5 16. Qh3 Bb4 17. g4 Ne7 18. Qd3 Ndc6 19. Bg2 Ng6 20. Rhf1 Be7
21. Nh3 Nb4 22. Qe3 Bc5 23. Qe2 d4 24. Ne4 d3 25. cxd3 Bd4+ 26. Nc3 Ba4 27. Kb1
Bc2+ 28. Ka1 Bxd3 29. Qf3 Nc2+ 0-1

[Event "Bogny/ Epernay"]
[Site "?"]
[Date "2012.01.15"]
[Round "4"]
[White "Renard, Luc"]
[Black "Leroy, Patrick"]
[Result "1/2-1/2"]
[WhiteElo "1788"]
[BlackElo "1756"]
[PlyCount "81"]
[EventDate "2012.01.15"]
[SourceDate "2012.01.17"]

1. d4 d5 2. Nf3 Nf6 3. e3 e6 4. Bd3 c5 5. b3 Nc6 6. O-O Bd7 7. Bb2 Bd6 8. a3
O-O 9. Ne5 Qc7 10. f4 cxd4 11. exd4 Ne4 12. Nd2 f5 13. Ndf3 Be8 14. Nxc6 bxc6
15. Ne5 c5 16. c4 cxd4 17. Bxd4 Bc5 18. Bxe4 fxe4 19. cxd5 exd5 20. Rc1 Bxd4+
21. Qxd4 Qb6 22. Rcd1 Qxb3 23. Qxd5+ Qxd5 24. Rxd5 Ba4 25. g3 Rfd8 26. Ra5 Bc2
27. Rf2 Rd1+ 28. Kg2 Bd3 29. Nxd3 Rxd3 30. Re2 Rd4 31. Re5 Rad8 32. R5xe4 Rxe4
33. Rxe4 Rd2+ 34. Kh3 Rd7 35. Ra4 Kf7 36. Ra6 Ke8 37. Kg4 Rf7 38. f5 Rc7 39.
Kh4 Kf8 40. g4 Ke7 41. Kg5 1/2-1/2

[Event "Bogny/ Epernay"]
[Site "?"]
[Date "2012.01.15"]
[Round "4"]
[White "Marchal, Ludovic"]
[Black "Prioux, Michel"]
[Result "0-1"]
[WhiteElo "1630"]
[BlackElo "1805"]
[PlyCount "110"]
[EventDate "2012.01.15"]
[SourceDate "2012.01.17"]

1. c4 Nf6 2. Nc3 e5 3. g3 Nc6 4. Bg2 Bb4 5. Nf3 O-O 6. O-O Re8 7. d3 Bxc3 8.
bxc3 h6 9. e4 d6 10. Rb1 Rb8 11. Ne1 Nh7 12. Nc2 Bd7 13. Ne3 Ne7 14. Nd5 Nf8
15. f4 c6 16. Nxe7+ Rxe7 17. Ba3 Be8 18. f5 f6 19. Bf3 Rd7 20. Qe2 Bf7 21. Rfd1
Qc7 22. c5 d5 23. exd5 cxd5 24. d4 b6 25. cxb6 axb6 26. Bb4 e4 27. Bg2 Kh7 28.
Qe3 Rdd8 29. Bxf8 Rxf8 30. Rb3 Ra8 31. Rdb1 Rfb8 32. a3 Be8 33. Bf1 Ba4 34. Rb4
Bd7 35. c4 Bxf5 36. cxd5 Qd6 37. Bc4 b5 38. Ba2 Bg6 39. R1b2 f5 40. Kg2 Bf7 41.
Rxb5 Rxb5 42. Rxb5 Rxa3 43. Qe2 Rd3 44. Qf2 g6 45. Rb2 Bxd5 46. Bxd5 Qxd5 47.
Kh3 Rxd4 48. Qf4 Qf7 49. Qe3 Rd7 50. Qc3 Qd5 51. Rb8 Rd8 $4 52. Qc7+ Rd7 53.
Qc8 g5 54. Qh8+ Kg6 55. Rb6+ Rd6 0-1

[Event "Bogny/ Epernay"]
[Site "?"]
[Date "2012.01.15"]
[Round "4"]
[White "Waczecka, Jerome"]
[Black "Frezier, Sébastien"]
[Result "1-0"]
[WhiteElo "1732"]
[BlackElo "1670"]
[PlyCount "89"]
[EventDate "2012.01.15"]
[SourceDate "2012.01.17"]

1. d4 Nf6 2. Nf3 d5 3. Bg5 Ne4 4. Bf4 Bg4 5. e3 e6 6. Be2 Bd6 7. Bxd6 Qxd6 8.
O-O O-O 9. c4 dxc4 10. Bxc4 Ng5 11. Nbd2 Nxf3+ 12. Nxf3 Nd7 13. Bd3 e5 14.
Bxh7+ Kh8 15. Be4 c6 16. dxe5 Qxd1 17. Rfxd1 Bxf3 18. Bxf3 Nxe5 19. Be2 Rad8
20. f4 Nd7 21. Rd2 Nb6 22. Rad1 Rxd2 23. Rxd2 Re8 24. Kf2 Nd5 25. Rd3 g6 26.
Bf3 Nf6 27. g4 Re7 28. g5 Rd7 29. Rxd7 Nxd7 30. h4 Kg7 31. h5 gxh5 32. Bxh5 f5
33. gxf6+ Kxf6 34. e4 Nc5 35. Ke3 Ne6 36. Bg4 Nd8 37. e5+ Ke7 38. f5 b6 39. f6+
Kf7 40. Bd7 b5 41. Ke4 b4 42. Kf5 c5 43. e6+ Nxe6 44. Bxe6+ Kf8 45. f7 1-0

[Event "Bogny/ Epernay"]
[Site "?"]
[Date "2012.01.15"]
[Round "4"]
[White "Gaubert, Virginie"]
[Black "Husson, Christophe"]
[Result "1-0"]
[WhiteElo "1714"]
[BlackElo "1680"]
[PlyCount "51"]
[EventDate "2012.01.15"]
[SourceDate "2012.01.17"]

1. c4 Nf6 2. Nc3 e6 3. e4 c5 4. e5 Ng8 5. d4 cxd4 6. Qxd4 Nc6 7. Qe4 a6 8. Nf3
Nge7 9. Bg5 Qc7 10. Bd3 Ng6 11. O-O Ngxe5 12. Rfe1 Nxd3 13. Qxd3 d6 14. Nd5 Qa5
15. Nd4 Ne5 16. Rxe5 dxe5 17. Nb3 exd5 18. Nxa5 f6 19. Bd2 d4 20. f4 Bd6 21.
fxe5 Bxe5 22. Bb4 Kf7 23. Re1 g6 24. Nb3 Bf5 25. Qf3 Rab8 26. g4 1-0

[Event "N4 Reims / Tour du Roi"]
[Site "?"]
[Date "2012.03.24"]
[Round "4.8"]
[White "Brajon, Victoria"]
[Black "Genin, Adeline"]
[Result "1-0"]
[WhiteElo "1447"]
[BlackElo "1050"]
[PlyCount "70"]
[EventDate "2012.03.24"]
[SourceDate "2012.03.24"]

1. e4 e5 2. Nf3 Nc6 3. Bc4 Bc5 4. c3 Nf6 5. d3 O-O 6. Be3 Bxe3 7. fxe3 d5 8.
exd5 Nxd5 9. Qe2 Bg4 10. Nbd2 h6 11. h3 Be6 12. O-O-O Qd6 13. Ne4 Qe7 14. g4
Nb6 15. Bxe6 Qxe6 16. Kb1 Rad8 17. Nfd2 Rd5 18. g5 Ra5 19. Nb3 Rb5 20. Nec5 Qc8
21. gxh6 gxh6 22. a4 Rxb3 23. Nxb3 Nxa4 24. Qg4+ Qxg4 25. hxg4 Re8 26. Rxh6 Kg7
27. Rdh1 Rd8 28. Kc2 Nb6 29. e4 f6 30. Rh7+ Kg6 31. Rxc7 Nb8 32. Rxb7 N6d7 33.
Rxa7 Nb6 34. Rha1 Kg5 35. Rg1 Rc8 1-0

[Event "N4 Reims / Tour du Roi"]
[Site "?"]
[Date "2012.03.24"]
[Round "4.6"]
[White "Barnier, Christophe"]
[Black "Louis, Vincent"]
[Result "1-0"]
[WhiteElo "1863"]
[BlackElo "1560"]
[PlyCount "45"]
[EventDate "2012.03.24"]
[SourceDate "2012.03.24"]

1. d4 e6 2. Nf3 h6 3. Bf4 d5 4. e3 a6 5. Bd3 Nc6 6. c3 Bd7 7. Nbd2 Bd6 8. Bg3
Bxg3 9. hxg3 Nge7 10. Qc2 Na7 11. Ne5 Rf8 12. Ndf3 c6 13. Nxd7 Qxd7 14. Ne5 Qc7
15. O-O O-O-O 16. b4 Nb5 17. a4 Nd6 18. Rfc1 f6 19. Nf3 Kd7 20. Nd2 b5 21. Nb3
f5 22. Nc5+ Ke8 23. Nxe6 1-0

[Event "N4 Reims / Tour du Roi"]
[Site "?"]
[Date "2012.03.24"]
[Round "4.2"]
[White "Djellouli, Hassine"]
[Black "Hacene, Ahmed"]
[Result "0-1"]
[WhiteElo "1852"]
[BlackElo "1777"]
[PlyCount "66"]
[EventDate "2012.03.24"]
[SourceDate "2012.03.24"]

1. Nf3 Nf6 2. c4 e6 3. d4 d5 4. Nc3 c6 5. e3 Nbd7 6. Bd2 Qc7 7. Rc1 dxc4 8.
Bxc4 Be7 9. O-O O-O 10. e4 e5 11. d5 Nb6 12. Bb3 Bg4 13. h3 Bxf3 14. Qxf3 a6
15. Be3 c5 16. a4 Nbd7 17. Rfd1 Bd6 18. g4 Rab8 19. g5 Ne8 20. Qg4 b5 21. axb5
axb5 22. h4 c4 23. Nxb5 Rxb5 24. Bxc4 Rxb2 25. Bb5 Nc5 26. Bc6 Qe7 27. f4 exf4
28. Bd4 Rb3 29. Qe2 h6 30. Qc2 Rg3+ 31. Kf2 f3 32. Bxc5 Rg2+ 33. Kxf3 Rxc2 0-1

[Event "N4 Reims / Tour du Roi"]
[Site "?"]
[Date "2012.03.24"]
[Round "4.3"]
[White "Louis, André"]
[Black "Garcia, Gilles"]
[Result "0-1"]
[WhiteElo "1764"]
[BlackElo "1923"]
[PlyCount "61"]
[EventDate "2012.03.24"]
[SourceDate "2012.03.24"]

1. e4 d5 2. exd5 Nf6 3. c4 c6 4. d4 cxd5 5. Nc3 e6 6. Nf3 Nc6 7. c5 Bd7 8. Bb5
Be7 9. O-O O-O 10. Re1 Rc8 11. Bxc6 Bxc6 12. b4 Ne4 13. Qc2 Nxc3 14. Qxc3 Bf6
15. Ne5 b6 16. Nxc6 Rxc6 17. b5 Rxc5 18. Qd3 Rc4 19. Be3 Qe7 20. a4 Rfc8 21.
Ra2 Qd6 22. Rd1 Qb4 23. f4 Rc3 24. Qd2 Qb3 25. Re1 R8c4 26. a5 Qxb5 27. axb6
Qxb6 28. Rb2 Rb3 29. Reb1 Rxb2 30. Rxb2 Qc7 31. Qa5 0-1

[Event "N4 Reims / Tour du Roi"]
[Site "?"]
[Date "2012.03.24"]
[Round "4.5"]
[White "Mondeel, Paul"]
[Black "Brajon, Eric"]
[Result "0-1"]
[WhiteElo "1523"]
[BlackElo "1940"]
[PlyCount "74"]
[EventDate "2012.03.24"]
[SourceDate "2012.03.24"]

1. e4 g6 2. Nc3 d6 3. Bc4 Bg7 4. d3 Nf6 5. Nf3 c5 6. O-O O-O 7. Bd2 a6 8. a3
Nc6 9. Rb1 Ng4 10. h3 Nge5 11. Ba2 b5 12. Nxe5 Nxe5 13. f4 Nc6 14. Ne2 a5 15.
Bd5 Qb6 16. Kh1 e6 17. Ba2 b4 18. Bc4 a4 19. c3 b3 20. Be3 Na5 21. Ng3 Bb7 22.
f5 d5 23. f6 Bh8 24. exd5 exd5 25. Qg4 Bxf6 26. Nh5 Bg7 27. Rf5 gxh5 28. Rxh5
f5 29. Qg3 Rf6 30. Qh4 h6 31. Rf1 dxc4 32. Rhxf5 Rxf5 33. Rxf5 Qg6 34. Qf2 cxd3
35. Rxc5 Rf8 36. Qd2 Rf1+ 37. Kh2 Re1 0-1

[Event "N4 Reims / Tour du Roi"]
[Site "?"]
[Date "2012.03.24"]
[Round "4.5"]
[White "Samakar, Siavosch"]
[Black "Fauchart, François"]
[Result "1-0"]
[WhiteElo "1870"]
[BlackElo "1648"]
[PlyCount "100"]
[EventDate "2012.03.24"]
[SourceDate "2012.03.24"]

1. d4 d5 2. c4 c6 3. Nc3 Nf6 4. Bg5 e6 5. Nf3 Be7 6. e3 Nbd7 7. Bd3 dxc4 8.
Bxc4 Nd5 9. Bxe7 Qxe7 10. Rc1 a6 11. O-O b5 12. Bd3 Bb7 13. Ne4 O-O 14. Nc5
Nxc5 15. Rxc5 Rac8 16. Qd2 h6 17. Rfc1 Nb6 18. Ne5 Qd6 19. Be4 Na4 20. R5c2 Nb6
21. Bxc6 Bxc6 22. Rxc6 Rxc6 23. Rxc6 Qb8 24. Qa5 Nc4 25. Nxc4 bxc4 26. Qc3 Rc8
27. Rxc8+ Qxc8 28. b3 Qc6 29. bxc4 Qe4 30. Qb3 a5 31. f3 Qh4 32. g3 Qh5 33. Kg2
Qg5 34. c5 a4 35. Qc3 Qd5 36. Qc2 Qc6 37. Qc4 g5 38. e4 g4 39. d5 gxf3+ 40. Kf2
exd5 41. exd5 Qf6 42. d6 Qb2+ 43. Kxf3 Qxh2 44. d7 Qh1+ 45. Ke3 Qe1+ 46. Kd4
Qf2+ 47. Kd5 Qf3+ 48. Qe4 Qd1+ 49. Kc6 Kg7 50. Qe5+ Kg6 1-0

[Event "N4 Reims / Tour du Roi"]
[Site "?"]
[Date "2012.03.24"]
[Round "4.7"]
[White "Roule, Alexandre"]
[Black "Menissier, Fabien"]
[Result "0-1"]
[WhiteElo "1430"]
[BlackElo "1683"]
[PlyCount "96"]
[EventDate "2012.03.24"]
[SourceDate "2012.03.24"]

1. c4 e5 2. Nc3 Nf6 3. g3 d5 4. cxd5 Nxd5 5. Bg2 Be6 6. e3 Nc6 7. Nge2 Be7 8.
O-O Nb6 9. a4 Bc4 10. d4 exd4 11. Bxc6+ bxc6 12. Qxd4 Qxd4 13. exd4 O-O-O 14.
Re1 Bf6 15. a5 Nd5 16. Ra4 Ba6 17. Nxd5 cxd5 18. Nc3 c6 19. Be3 Rhe8 20. Rd1
Rd7 21. Rc1 Kd8 22. Rb4 Rb7 23. Rxb7 Bxb7 24. Na4 Ba6 25. Nc5 Bb5 26. Re1 Bxd4
27. Bg5+ f6 28. Nb7+ Kd7 29. Rxe8 Kxe8 30. Nd6+ Kd7 31. Nxb5 cxb5 32. Bc1 a6
33. Kf1 Kc6 34. Ke2 Kc5 35. f3 Kc4 36. Kd2 Bg1 37. h3 d4 38. Kd1 d3 39. Bf4 Bd4
40. Bc1 Be5 41. f4 Bc7 42. g4 Bxa5 43. f5 Kb3 44. h4 Bb4 45. g5 d2 46. Bxd2
Bxd2 47. Kxd2 Kxb2 48. g6 h6 0-1

[Event "N4 Reims / Tour du Roi"]
[Site "?"]
[Date "2012.03.24"]
[Round "4.1"]
[White "Halfaoui, Eddine"]
[Black "Droit, Vincent"]
[Result "1-0"]
[WhiteElo "1866"]
[BlackElo "2039"]
[PlyCount "79"]
[EventDate "2012.03.24"]
[SourceDate "2012.03.24"]

1. e4 c5 2. Nf3 a6 3. d4 cxd4 4. Nxd4 Nf6 5. Nc3 e5 6. Nb3 Bb4 7. Bg5 Qc7 8.
Qd3 Bxc3+ 9. bxc3 Qc6 10. Bxf6 Qxf6 11. Be2 O-O 12. O-O Nc6 13. Qe3 d6 14. Rfd1
Rd8 15. Qb6 Qe7 16. Rd2 Be6 17. Rad1 Rac8 18. c4 g6 19. f3 Qc7 20. Qxc7 Rxc7
21. Nc5 dxc5 22. Rxd8+ Nxd8 23. Rxd8+ Kg7 24. Rb8 Rd7 25. Kf1 Kf6 26. Bd3 Ke7
27. Ke2 h5 28. Ke3 Kd6 29. f4 Kc6 30. Re8 exf4+ 31. Kxf4 Kd6 32. e5+ Kc7 33.
Kg5 Rd8 34. Re7+ Rd7 35. Rxe6 fxe6 36. Kf6 Rd4 37. Kxe6 Rg4 38. g3 Kd8 39. Kf7
Rg5 40. Kf6 1-0

[Event "Chaumont/Bogny"]
[Site "?"]
[Date "2012.02.05"]
[Round "5"]
[White "Picard, Serge"]
[Black "Leghbali, Sophiane"]
[Result "1-0"]
[WhiteElo "2094"]
[BlackElo "1901"]
[PlyCount "87"]
[EventDate "2012.02.05"]
[SourceDate "2012.02.05"]

1. e4 e6 2. d4 d5 3. Nd2 Nf6 4. e5 Nfd7 5. f4 c5 6. c3 Nc6 7. Ndf3 cxd4 8. cxd4
Be7 9. g3 f6 10. Bh3 Nb6 11. Ne2 O-O 12. O-O Bd7 13. b3 Rc8 14. exf6 gxf6 15.
f5 e5 16. Bh6 Rf7 17. Rc1 Bf8 18. Be3 Ba3 19. Rc2 Bd6 20. Kh1 Ne7 21. Nh4 Rxc2
22. Qxc2 Bc6 23. g4 Bc7 24. g5 Qd6 25. gxf6 Qxf6 26. Bg5 Qd6 27. dxe5 d4+ 28.
Bg2 Qxe5 29. Bf4 Qf6 30. Bxc7 Qxh4 31. Bxc6 Nxc6 32. Bg3 Qd8 33. Qd3 Qd5+ 34.
Kg1 Nd7 35. Nc3 Qc5 36. Ne4 Qb6 37. Ng5 Nce5 38. Qe4 d3+ 39. Bf2 Qf6 40. Nxf7
Qxf7 41. Bg3 Qf6 42. Qd5+ Kg7 43. Bxe5 Nxe5 44. Qxb7+ 1-0